|
|
|
|
| LEADER |
00000cam a2200000 a 4500 |
| 001 |
vtls001107500 |
| 003 |
SK-MaSNL |
| 005 |
20260301193912.0 |
| 008 |
250313s1979 xo 000 d slo |
| 015 |
|
|
|a SNBA1980
|
| 035 |
|
|
|a SNK000050342
|
| 035 |
|
|
|a urn:nbn:sk:snk-amkwjn
|
| 035 |
|
|
|a urn:nbn:sk:snk-am008322
|
| 035 |
|
|
|a 43CFEB86-F876-4A0B-B18E-005FDA995356
|
| 040 |
|
|
|a SNK
|b slo
|c SNK
|e AACR2
|
| 041 |
1 |
|
|a slo
|h rus
|
| 044 |
|
|
|a xo
|c SK
|
| 080 |
|
|
|a 882-2
|2 1981
|
| 100 |
1 |
|
|a Arbuzov, Aleksej Nikolajevič,
|d 1908-1986
|4 aut
|9 7774
|
| 240 |
1 |
0 |
|a Zestokije igry
|l Slovensky
|
| 245 |
1 |
0 |
|a Kruté hry
|b dramatické obrazy v dvoch častiach
|c Aleksej Arbuzov ; z rus. orig. prel. Matej Andráš
|
| 250 |
|
|
|a 1. vyd.
|
| 260 |
|
|
|a Bratislava
|b Lita
|c 1979
|
| 300 |
|
|
|a 71 s.
|c 29 cm
|
| 521 |
|
|
|a Nepredajné
|
| 651 |
|
7 |
|a Rusko
|2 SNKPH
|9 17250
|
| 655 |
|
7 |
|a divadelné hry
|2 SNKPH
|9 70577
|
| 700 |
1 |
|
|a Andráš, Matej,
|d 1921-2012
|4 trl
|9 104375
|
| 852 |
|
|
|a Slovenská národná knižnica
|
| 958 |
|
|
|a OND
|
| 958 |
|
|
|a LX
|
| 999 |
|
|
|c 879608
|d 881538
|
| 952 |
|
|
|t P60, <03>, [BOOK], {603}
|a SNK
|b SNK
|y PREZ
|7 0
|p 17A0250985
|o snkSB 28948
|i snkKSP 6959/79
|0 0
|1 0
|4 0
|d 2000-08-25
|f 1
|l 0
|r 2025-04-03 00:00:00
|w 2026-02-24
|
| 952 |
|
|
|t P60, <05>, [BOOK], {605}
|a SNK
|b SNK
|y PREZ
|7 0
|p 17A0097332
|o snkSB 28948 D1
|i snkKSP 6960/79
|0 0
|1 0
|4 0
|d 1999-01-08
|l 0
|r 2004-12-31 00:00:00
|w 2026-02-24
|